Rich man poor man : beginner level
Saved in:
| Main Author: | |
|---|---|
| Format: | Book |
| Language: | English |
| Published: |
London :
Heinemann,
1992
|
| Subjects: | |
| Tags: |
Add Tag
No Tags, Be the first to tag this record!
|
MARC
| LEADER | 00000nam a2200000 i 4500 | ||
|---|---|---|---|
| 001 | 1/24133 | ||
| 008 | 960716s1992 eng d | ||
| 020 | |a 0-435-27171-7 | ||
| 035 | |l 10022227 | ||
| 040 | |a GR-MY-UA |b gre |e aacr | ||
| 041 | 0 | |a eng | |
| 082 | 0 | |a 428.64 | |
| 100 | 1 | |a Jupp, T. C. (Thomas Cyprian) | |
| 245 | 1 | 0 | |a Rich man poor man : |b beginner level / |c T.C.Jupp |
| 260 | |a London : |b Heinemann, |c 1992 | ||
| 650 | 0 | 0 | |a English language |x Readers. |
| 852 | |a INST |b CHIOS |e 19960716 |h 428.64 JUP |p 005200003948 |q 005200003948 |t BK |y 0 | ||
| 909 | |a Χ |b 037346 | ||